De-gustaciones gratuitas: de la deconstrucción, la fotografía, Mies van der Rohe y el Pabellón de Barcelona

Salvato in:
Dettagli Bibliografici
Autore principale: Vela Castillo, José (Autore)
Natura: Libro
Lingua:spagnolo
Pubblicazione: Madrid Abada 2010
Soggetti:
Tags: Aggiungi Tag
Nessun Tag, puoi essere il primo ad aggiungerne!!

MARC

LEADER 00000nam a2200000 a 4500
001 UCG4861
003 CL-VaPUC
008 101209e20100000SP |||||||||||||||||spa|d
020 |a 9788496775756 
082 0 4 |a 709.04  |b VEL  |2 21 
100 0 |a Vela Castillo, José  |e author  |9 554334 
245 1 0 |a De-gustaciones gratuitas: de la deconstrucción, la fotografía, Mies van der Rohe y el Pabellón de Barcelona 
300 |a 200 p 
942 |c BK 
945 |d 20101209 00:00:00  |a dcastane 
260 |a Madrid  |b Abada  |c 2010 
650 7 |a FOTOGRAFIA ARQUITECTONICA  |2 CL-VaPUC  |9 545419 
650 0 |a Edificios   |9 260501 
583 |a last modification  |c 20101209 00:00:00  |k Rodrigo Vera 
999 |c 343467  |d 343465 
952 |0 0  |1 0  |4 0  |6 709_040000000000000_VEL_2010  |7 0  |8 A  |9 440786  |a BIBARQ  |b BIBARQ  |d 2019-11-22  |i 4741161  |l 1  |o 709.04 VEL 2010  |p 4741161  |q 2025-05-12  |r 2025-05-05  |s 2025-05-05  |w 2019-11-22  |y BK  |k ARQ